Partnership in property (Record no. 107672)

MARC details
000 -LEADER
fixed length control field 00581cam a22001935a 4500
001 - CONTROL NUMBER
control field L141452
008 - FIXED-LENGTH DATA ELEMENTS--GENERAL INFORMATION
fixed length control field 071126s1972 xxka f 000 0deng d
035 ## - SYSTEM CONTROL NUMBER
System control number (Sirsi) u141452
041 0# - LANGUAGE CODE
Language code of text/sound track or separate title eng
050 04 - LIBRARY OF CONGRESS CALL NUMBER
Classification number 920 $2 18
110 2# - MAIN ENTRY--CORPORATE NAME
Corporate name or jurisdiction name as entry element Bernard Thorpe and Partners
9 (RLIN) 2958
245 00 - TITLE STATEMENT
Title Partnership in property
Remainder of title 1922-1972
260 ## - PUBLICATION, DISTRIBUTION, ETC.
Place of publication, distribution, etc. S.l.
Name of publisher, distributor, etc. [Bernard Thorpe & Partners
Date of publication, distribution, etc. [1972]
300 ## - PHYSICAL DESCRIPTION
Extent 56 p.
Other physical details ill.
Dimensions 23 cm.
520 ## - SUMMARY, ETC.
Summary, etc. A history of the firm of Bernard Thorpe & Partners.
651 #4 - SUBJECT ADDED ENTRY--GEOGRAPHIC NAME
Geographic name United Kingdom
Chronological subdivision
690 ## - LOCAL SUBJECT ADDED ENTRY--TOPICAL TERM (OCLC, RLIN)
Topical term or geographic name as entry element ABOUT RICS-RICS MEMBERS-CHARTERED SURVEYORS
942 ## - ADDED ENTRY ELEMENTS (KOHA)
Suppress in OPAC 0
Holdings
Withdrawn status Lost status Source of classification or shelving scheme Damaged status Not for loan Home library Current library Shelving location Date acquired Total Checkouts Full call number Barcode Date last seen Copy number Price effective from Koha item type
    Dewey Decimal Classification     London London Reference copy 26/11/2007   920 BER 30074479 06/08/2019 1 06/08/2019 Book